District Laboratory Practice in Tropical Countries (Part 2) (Record no. 7993)

MARC details
000 -LEADER
fixed length control field 00563nam a22002057a 4500
003 - CONTROL NUMBER IDENTIFIER
control field OSt
005 - DATE AND TIME OF LATEST TRANSACTION
control field 20220822121453.0
008 - FIXED-LENGTH DATA ELEMENTS--GENERAL INFORMATION
fixed length control field 220822b ||||| |||| 00| 0 eng d
020 ## - INTERNATIONAL STANDARD BOOK NUMBER
International Standard Book Number 9780521676311
040 ## - CATALOGING SOURCE
Transcribing agency NLM
082 ## - DEWEY DECIMAL CLASSIFICATION NUMBER
Classification number QY25
Item number C415d 2006
100 ## - MAIN ENTRY--PERSONAL NAME
Personal name Cheesbrough, Monica
9 (RLIN) 884
245 ## - TITLE STATEMENT
Title District Laboratory Practice in Tropical Countries (Part 2)
250 ## - EDITION STATEMENT
Edition statement 2nded.
260 ## - PUBLICATION, DISTRIBUTION, ETC. (IMPRINT)
Place of publication, distribution, etc. Madrid;
Name of publisher, distributor, etc. Cambridge University Press:
Date of publication, distribution, etc. 2006,
300 ## - PHYSICAL DESCRIPTION
Extent 435p.;
Dimensions 27cm.
504 ## - BIBLIOGRAPHY, ETC. NOTE
Bibliography, etc Index included.
650 ## - SUBJECT ADDED ENTRY--TOPICAL TERM
Topical term or geographic name as entry element Laboratory Practice.
9 (RLIN) 896
942 ## - ADDED ENTRY ELEMENTS (KOHA)
Source of classification or shelving scheme Other/Generic Classification Scheme
Koha item type Book
Holdings
Withdrawn status Lost status Source of classification or shelving scheme Damaged status Not for loan Home library Current library Date acquired Source of acquisition Inventory number Total Checkouts Full call number Barcode Date last seen Price effective from Koha item type
    Other/Generic Classification Scheme     MUST Main Library MUST Main Library 22/08/2022 Purchase 22/41844   QY25 C415d 2006 2022-7927 22/08/2022 22/08/2022 Book
    Other/Generic Classification Scheme     MUST Main Library MUST Main Library 22/08/2022 Purchase 22/41843   QY25 C415d 2006 2022-7928 22/08/2022 22/08/2022 Book
    Dewey Decimal Classification     MUST Main Library MUST Main Library 06/10/2023   23/42164   QY25 C415d 2006 2023-0588 06/10/2023 06/10/2023 Open Shelf
    Dewey Decimal Classification     MUST Main Library MUST Main Library 06/10/2023   23/42163   QY25 C415d 2006 2023-0589 06/10/2023   Open Shelf